Statistics for management and economics / (Record no. 8530)
[ view plain ]
| 000 -LEADER | |
|---|---|
| fixed length control field | 01160pam a2200361 4500 |
| 001 - CONTROL NUMBER | |
| JCCL Control Number | 8530 |
| 003 - CONTROL NUMBER IDENTIFIER | |
| JCCL marc code | BD - Jhcc |
| 005 - DATE AND TIME OF LATEST TRANSACTION | |
| control field | 20180226194706.0 |
| 008 - FIXED-LENGTH DATA ELEMENTS--GENERAL INFORMATION | |
| fixed length control field | 851127s1986 maua b 001 0 eng |
| 020 ## - INTERNATIONAL STANDARD BOOK NUMBER | |
| International Standard Book Number | 0871509725 |
| 035 ## - SYSTEM CONTROL NUMBER | |
| system control number | MITb10247292 |
| -- | (BD - Jhcc)8530 |
| 035 ## - SYSTEM CONTROL NUMBER | |
| system control number | (OCoLC)12975642 |
| 035 ## - SYSTEM CONTROL NUMBER | |
| system control number | GLIS00247292 |
| 040 ## - CATALOGING SOURCE | |
| Original cataloging agency | DLC |
| Transcribing agency | DLC |
| Modifying agency | MYG |
| -- | BD - Jhcc |
| 041 ## - LANGUAGE CODE | |
| Language code of Book | eng |
| 082 ## - DEWEY DECIMAL CLASSIFICATION NUMBER | |
| Author mark and Year | STA 1986 |
| 090 ## - LOCALLY ASSIGNED LC-TYPE CALL NUMBER (OCLC); LOCAL CALL NUMBER (OCLC) | |
| Classification number (OCLC) (R) ; Classification number, CALL (RLIN) (NR) | HA29 |
| Local cutter number (OCLC) ; Book number/undivided call number, CALL (RLIN) | .M537 1986 |
| 099 ## - LOCAL FREE-TEXT CALL NUMBER | |
| Classification number | HA29.M537 1986 |
| 245 00 - TITLE STATEMENT | |
| Title | Statistics for management and economics / |
| Statement of responsibility, etc | William Mendenhall ... [et al.]. |
| 250 ## - EDITION STATEMENT | |
| Edition statement | 5th ed. |
| 260 ## - PUBLICATION, DISTRIBUTION, ETC. (IMPRINT) | |
| Place of publication, distribution, etc | Boston : |
| Name of publisher, distributor, etc | Duxbury Press, |
| Date of publication, distribution, etc | c1986. |
| 300 ## - PHYSICAL DESCRIPTION | |
| Pagination | xvi, 976 p. : |
| Other physical details | ill. ; |
| Dimensions | 25 cm. |
| 500 ## - GENERAL NOTE | |
| General note | Rev. ed. of: Statistics for management and economics / William Mendenhall. 4th ed. 1982. |
| 500 ## - GENERAL NOTE | |
| General note | Includes index. |
| 504 ## - BIBLIOGRAPHY, ETC. NOTE | |
| Bibliography, etc | Bibliography: p. vi-ix. |
| 650 #0 - SUBJECT ADDED ENTRY--TOPICAL TERM | |
| Topical term or geographic name as entry element | Social sciences |
| General subdivision | Statistical methods. |
| 650 #0 - SUBJECT ADDED ENTRY--TOPICAL TERM | |
| Topical term or geographic name as entry element | Statistics. |
| 700 1# - ADDED ENTRY--PERSONAL NAME | |
| Personal name | Mendenhall, William. |
| 700 1# - ADDED ENTRY--PERSONAL NAME | |
| Personal name | Mendenhall, William. |
| Title of a work | Statistics for management and economics. |
| 942 ## - ADDED ENTRY ELEMENTS (KOHA) | |
| Source of classification or shelving scheme | Dewey Decimal Classification |
| Koha item type | Books |
| 949 ## - LOCAL PROCESSING INFORMATION (OCLC) | |
| a | MYGD |
| b | 39080003274203 |
| Source of classification or shelving scheme | Damaged status | Not for loan | Home library | Current library | Shelving location | Total Checkouts | Full call number | Barcode | Date last seen | Copy number | Koha item type |
|---|---|---|---|---|---|---|---|---|---|---|---|
| Dewey Decimal Classification | JCC Rouf Library | JCC Rouf Library | General Stacks | 658.4033 STA 1986 | 11173 | 02/26/2018 | C - 1 | Books |